DRUGIMPEX výročná správa 2001

Saved in:
Bibliographic Details
Format: Book
Language:Slovak
Published: Bratislava DRUGImpex, spol. s r. o. [2002]
Subjects:
Tags: Add Tag
No Tags, Be the first to tag this record!

MARC

LEADER 00000nam$a2200000$$$4500
001 0004276
005 20240108123759.2
041 0 |a slo 
044 |a SK 
245 1 0 |a DRUGIMPEX  |b výročná správa 2001 
264 1 |a Bratislava  |b DRUGImpex, spol. s r. o.  |c [2002] 
300 |a 15 s. 
610 2 0 |a distribúcia 
610 2 0 |a dovoz 
610 2 0 |a skladovanie 
610 2 0 |a liečivá 
610 2 0 |a zdravotníctvo 
610 2 0 |a maloobchod 
610 2 0 |a veľkoobchod 
610 2 0 |a služby 
610 2 0 |a štruktúra organizačná 
610 2 0 |a zamestnanci 
610 2 0 |a výkazy finančné 
610 2 0 |a výkazy účtovné